MARC

LEADER 00000nam0a2200000 4500
001 112020
005 20231031121101.0
010 |a 9783764380977 
035 |a (RuTPU)RU\TPU\book\121004 
090 |a 112020 
100 |a 20070322d2007 k y0rusy50 ca 
101 0 |a eng 
102 |a DE 
105 |a a z 001zy 
200 1 |a Modern Trends in Pseudo-Differential Operators  |f Editors J. Toft, M. W. Wong and H. Zhu 
210 |a Berlin  |c Birkhäuser Verlag  |d 2007 
215 |a 342 p.  |c il. 
225 1 |a Operator Theory: Advances and Applications  |v Vol. 172 
320 |a Библиография в конце тем. 
610 1 |a математика 
610 1 |a математический анализ 
610 1 |a операторы 
610 1 |a теория 
610 1 |a псевдодифференциальные операторы 
610 1 |a английский язык 
675 |a 517.98  |v 3 
702 1 |a Toft  |b J.  |g Joachim  |4 340 
702 1 |a Wong  |b M. W.  |4 340 
702 1 |a Zhu  |b H.  |g Hongmei  |4 340 
801 1 |a RU  |b 63413507  |c 20070322  |g PSBO 
801 2 |a RU  |b 63413507  |c 20080131  |g PSBO 
942 |c BK